000 00382 a2200169 4500
001 183971
020 _a978-85-262-413-7
040 _cMagnum
100 _aDumas, Alexandre
240 1 0 _aO conde de monte Cristo
_lpor
245 1 0 _aO conde de monte Cristo
300 _a127
362 0 _a2008
440 1 _aScipione
697 _aLITERATURA JUVENIL ESTRANGEIRA
942 _cBK
999 _c183971
_d183971